[Event "Titled Tuesday intern op 06th Feb Early"]
[Site "Chess.com INT"]
[Date "2024.02.06"]
[Round "8"]
[White "Tan, Ralph"]
[Black "Rodriguez Avila, Alvaro"]
[Result "1-0"]
[WhiteElo "2004"]
[BlackElo "2186"]
[PlyCount "81"]
[EventDate "2024.02.06"]
[EventType "swiss (blitz)"]
[EventRounds "11"]
[EventCountry "USA"]
[SourceTitle "CB07_2024"]
[SourceDate "2024.02.14"]
[SourceVersion "1"]
[SourceVersionDate "2024.02.14"]
[SourceQuality "1"]

1. e4 c5 2. Nf3 g6 3. d4 Bg7 4. c3 cxd4 5. cxd4 d5 6. e5 Nc6 7. Nc3 Bg4 8. Be2 Bxf3 9. Bxf3 e6 10. 0-0 Nge7 11. Bg5 0-0 12. Rc1 f6 13. exf6 Bxf6 14. Bxf6 Rxf6 15. Re1 Nf5 16. Ne2 Qb6 17. Nf4 Nfxd4 18. Nd3 Raf8 19. Bg4 e5 20. Rf1 e4 21. Nc5 Qxb2 22. Rb1 Qc2 23. Qxc2 Nxc2 24. Nd7 b6 25. Rbc1 N2d4 26. Nxf8 Kxf8 27. Rfd1 Ke7 28. Rd2 Kd6 29. Rcd1 h5 30. Be2 Nxe2+ 31. Rxe2 Ke5 32. f3 Re6 33. fxe4 dxe4 34. Rde1 Kd5 35. h3 Nd4 36. Rd2 Kc5 37. Rc1+ Kd5 38. Rcd1 e3 39. Rxd4+ Kc5 40. Rd8 e2 41. Re1 1-0

[Event "Titled Tuesday intern op 09th Jan Early"]
[Site "Chess.com INT"]
[Date "2024.01.09"]
[Round "4"]
[White "Rodriguez Avila, Alvaro"]
[Black "Santos Flores, Alberto Javier"]
[Result "0-1"]
[WhiteElo "2190"]
[BlackElo "2183"]
[PlyCount "56"]
[EventDate "2024.01.09"]
[EventType "swiss (blitz)"]
[EventRounds "11"]
[EventCountry "USA"]
[SourceTitle "CB03_2024"]
[SourceDate "2024.01.17"]
[SourceVersion "1"]
[SourceVersionDate "2024.01.17"]
[SourceQuality "1"]

1. e4 e6 2. d4 d5 3. e5 c5 4. c3 Qb6 5. Nf3 Nc6 6. Bd3 cxd4 7. 0-0 Bd7 8. h4 Nge7 9. h5 g6 10. h6 Nf5 11. Bxf5 gxf5 12. cxd4 Be7 13. Nc3 0-0 14. Na4 Qd8 15. Nc5 b6 16. Nd3 Kh8 17. Be3 Rg8 18. Qd2 Na5 19. b3 Nc6 20. Nf4 Rg4 21. Nh5 Qg8 22. Ng7 Rxg7 23. hxg7+ Qxg7 24. Bg5 Rg8 25. Rac1 Bxg5 26. Nxg5 Qxg5 27. f4 Qg3 28. Rf3 Qxf3 0-1

[Event "ESP-ch U16 Rapid"]
[Site "Salobrena"]
[Date "2022.07.31"]
[Round "9"]
[White "Macias Pino, Diego"]
[Black "Rodriguez Avila, Alvaro"]
[Result "1-0"]
[WhiteElo "1968"]
[BlackElo "1851"]
[PlyCount "57"]
[EventDate "2022.07.30"]
[EventType "swiss (rapid)"]
[EventRounds "9"]
[EventCountry "ESP"]
[SourceTitle "EXT 2023"]
[Source "ChessBase"]
[SourceDate "2022.10.05"]
[SourceVersion "1"]
[SourceVersionDate "2022.10.05"]
[SourceQuality "1"]

1. e4 c5 2. Nf3 d6 3. d4 cxd4 4. Nxd4 Nf6 5. f3 e5 6. Nb3 d5 7. Bg5 d4 8. c3 Nc6 9. Bb5 Qb6 10. Bxc6+ bxc6 11. cxd4 Bb4+ 12. Bd2 exd4 13. Bxb4 Qxb4+ 14. Qd2 Qe7 15. 0-0 c5 16. Rc1 Nd7 17. Qa5 Qg5 18. Na3 0-0 19. Kh1 Qf4 20. Nc4 Rb8 21. Nxc5 Nb6 22. Qd2 Qh4 23. Ne5 Re8 24. Nc6 Ra8 25. Qxd4 Be6 26. b4 Rac8 27. b5 Na8 28. Nxe6 Rxe6 29. Ne7+ 1-0